Rome... or Babylon? - Statistics

General Stats
  • This quiz has been taken 30 times
  • The average score is 9 of 15
Answer Stats
Question Answer % Correct
Conquered by Persia Babylon
100%
Built the Colosseum and the Pantheon Rome
100%
Its empire lasted longer Rome
81%
Its history is studied by Assyriologists Babylon
75%
Located on a major river Both
69%
Invaded but never fully conquered Egypt Babylon
56%
Created the largest empire the world had ever seen Neither
56%
Remained a major city after the fall of its empire Rome
56%
Used as a metaphor for the other in the New Testament Babylon
50%
Its first emperor was Julius Caesar Neither
50%
Conquered Assyria at one point Both
44%
Destroyed Jerusalem and its temple after a rebellion by the Jewish people Both
44%
Proven to have built the Hanging Gardens Neither
44%
Attempted to conquer Persia Rome
25%
Controlled by a Germanic people at one point Both
6%
No matching quizzes found
Score Distribution
Percent of People with Each Score
Percentile by Number Answered
Your Score History
You have not taken this quiz